000
00535nam a2200133Ia 4500
008
100328s9999 xx 000 0 und d
082
_b
58921
100
_a
पोंक्षे राजीव.
245
_a
महाराष्ट्र पोलीस चातुर्य कथा.
260
_b
पार्टनर.
630
_a
महाराष्ट्र पोलीस चातुर्य कथा.
730
_a
महाराष्ट्र पोलीस चातुर्य कथा.
942
_c
BOOK
999
_c
545192
_d
545189